|
|
|
|
| LEADER |
00000nab a2200000 a 4500 |
| 001 |
vtls000490098 |
| 003 |
SK-MaSNL |
| 005 |
20260303020409.0 |
| 008 |
140617c xo 0 slo |
| 015 |
|
|
|a SNBRB19rr/mm-uuuuu
|
| 035 |
|
|
|a CL0490236
|
| 040 |
|
|
|a SNKBUCL
|b slo
|c SNKBUCL
|e AACR2
|
| 041 |
0 |
|
|a slo
|
| 044 |
|
|
|a xo
|c SK
|
| 080 |
|
|
|a 885.4-4
|2 1981
|
| 100 |
1 |
|
|a Baron, Karol,
|d 1939-2004
|4 aut
|9 5828
|
| 245 |
1 |
0 |
|a Zrkadlo zázrakov
|c Karol Baron ; Ilustr. Karol Baron
|
| 650 |
0 |
7 |
|a úvahy
|2 snkbucl
|9 103754
|
| 655 |
|
7 |
|a články z novín a časopisov
|2 snkbucl
|9 267496
|
| 655 |
|
7 |
|a články z odboru literárna veda a krásna literatúra
|2 snkbucl
|9 770045
|
| 700 |
1 |
|
|a Baron, Karol,
|d 1939-2004
|4 ill
|9 5828
|
| 773 |
0 |
|
|t Tvorba T
|g Roč. 3 (12), č. 3 (1993)
|
| 773 |
0 |
|
|t [Príl.] Bibliofilská príloha
|g (1993), s. 1-8
|
| 850 |
|
|
|a Slovenská národná knižnica v Martine
|a MTA001
|
| 852 |
|
|
|a SNK
|b KIS3GCP
|
| 958 |
|
|
|a RK
|
| 958 |
|
|
|a LX
|
| 992 |
|
|
|a RBX
|
| 999 |
|
|
|c 1618064
|d 1619994
|